Sermones de misión: escritos unos y escogidos otros

Gorde:
Xehetasun bibliografikoak
Egile nagusia: Claret y Clará, Antonio María (Egilea)
Formatua: Liburua
Hizkuntza:gaztelania
Argitaratua: Barcelona Imprenta del Heredero de Pablo Riera 1864
Gaiak:
Etiketak: Etiketa erantsi
Etiketarik gabe, Izan zaitez lehena erregistro honi etiketa jartzen!

MARC

LEADER 00000cam a2200000 a 4500
001 UCD1044
003 CL-VaPUC
008 151231e18640000sp |||||||||||||||||spa|d
082 0 4 |a 291.43  |b CLA  |2 21 
100 0 |a Claret y Clará, Antonio María  |e author  |9 584125 
245 1 0 |a Sermones de misión: escritos unos y escogidos otros 
300 |a t 
942 |c BK 
945 |d 20151231 00:35:00  |a gsalatino 
260 |a Barcelona  |b Imprenta del Heredero de Pablo Riera  |c 1864 
650 7 |a SERMONES RELIGIOSOS  |2 CL-VaPUC  |9 334482 
650 0 |a Retórica   |9 266620 
650 0 |a Liturgias  |9 400095 
583 |a last modification  |c 20151231 00:35:00  |k Rodrigo Vera 
999 |c 362474  |d 362472 
952 |0 0  |1 0  |3 erd  |4 0  |6 291_430000000000000_CLA_1864  |7 0  |8 P  |9 473750  |a BIBTEO  |b BIBTES  |c TEO_FTES  |h t.1  |i 5275725  |o 291.43 CLA 1864  |p 5275725  |r 2024-01-18  |w 2019-11-24  |y BK  |z Catalogado en:20151231  |k ICR